| 000 | 01612nam a2200397 c 4500 | ||
|---|---|---|---|
| 003 | BLK | ||
| 005 | 20180422103404.0 | ||
| 008 | 180408b bul|||||r ||||||| ||bul|| | ||
| 010 | _aKNG00078175000 | ||
| 020 |
_a954-775-657-5 _bиздат.: Фабер |
||
| 040 | _aBLK | ||
| 041 |
_aBUL _cBUL |
||
| 080 |
_aЕтнология. Етнография. Нрави. Обичаи. Бит. Фолклористика. Вж и 572 ; 903 ; 904 _b39 _x(497.2):316 _z39(497.2):316 |
||
| 080 |
_aНачин на живот _b316.728 _x(497.2) _z316.728(497.2) |
||
| 100 | 1 |
_aИванова, Радост Тодорова _eпърви автор _9370684 |
|
| 139 |
_aИванова, Радост Тодорова _bИ 22 |
||
| 245 | 1 | 0 |
_aКултура на нашето всекидневие _cРадост Тодорова Иванова. |
| 257 | _aBGR | ||
| 260 |
_аВ. Търново _bФабер _c2006 |
||
| 300 |
_a188 с. _c20 см |
||
| 380 | _a3 | ||
| 500 | _aБиблиогр. след отд. материали | ||
| 650 | 4 |
_aБългария - култура - социологични проблеми _9283169 |
|
| 650 | 4 |
_aБългария - бит - социологични проблеми _9296565 |
|
| 650 | 4 |
_aБит, обществен - социологични проблеми _9296566 |
|
| 653 | _aбит | ||
| 653 | _aвъзпитание | ||
| 653 | _aнародни обичаи | ||
| 653 | _aчалга | ||
| 653 | _aглобализация | ||
| 852 | _aЦб 235967 | ||
| 856 | 4 |
_qpdf _u |
|
| 856 | 4 |
_qpdf _u |
|
| 942 |
_cKNG _n0 |
||
| 944 |
_aCR _c10.10.2007 _kГеновева_Генчева |
||
| 944 |
_aED _c27.12.2007 _k |
||
| 999 |
_c73780 _d73780 |
||